000 00479 a2200145 4500
020 _a0063175002 (hardcover)
020 _a9780063175006 (hardcover)
090 _c4796
_d4796
100 1 _aPinnells, James.
245 1 0 _aWriting :
_bprocess and structure /
_cJames Pinnells.
260 _a[S.l.] :
_bHarperCollins Publishers,
_c1988.
300 _a446 p.
856 4 0 _3Amazon.com
_uhttp://www.amazon.com/exec/obidos/ASIN/0063175002/chopaconline-20
942 _aNBS
_cBK
_k808.042 PIN
999 _c347227
_d347227